000 00965nam a22002537a 4500
999 _c5685
_d5685
003 OSt
005 20251014142606.0
008 251014b ||||| |||| 00| 0 eng d
020 _a9781474927802
_qbook set
040 _cKH8
082 _aFIC NES
100 _aNesbit, Edith,
_eauthor.
245 _aThe Enchanted Castle /
_cE. Nesbit ; illustrated by Alan Marks.
260 _aEngland ;
_bUsborne Publishing Ltd ,
_c2007.
300 _a64 pages :
_bcolour illustrations ;
_c20 cm.
490 _aUsbirne Young Reading
_vseries two
520 _aGerald, Cathy and Jimmy are out exploring when they discover an enchanted castle. Even better, they meet a princess who says she has a ring of invisibility. But how much is she making up - and how much is pure magic?
650 _aEasy reading
_vfiction
650 _aStory book
_vfiction
650 _aYoung readers
700 _aMarks, Alan,
_eillustrator.
830 _aUsborne Young Reading
942 _2ddc
_cFIC